The conspiracy of Pontiac

Gespeichert in:
Bibliographische Detailangaben
1. Verfasser: Parkman, Francis (VerfasserIn)
Format: Buch
Sprache:Englisch
Veröffentlicht: Nueva York Collier Books 1962
Schlagworte:
Tags: Tag hinzufügen
Keine Tags, Fügen Sie den ersten Tag hinzu!

MARC

LEADER 00000nam a2200000 a 4500
001 UCO1187
003 CL-VaPUC
008 000512e19620000US |||||||||||||||||eng|d
082 0 4 |a 973.27  |b PAR  |2 21 
100 |a Parkman, Francis  |e author  |9 443070 
245 1 4 |a The conspiracy of Pontiac 
300 |a 544 p 
942 |c BK 
945 |d 20000512 00:00:00  |a crobeson 
260 |a Nueva York  |b Collier Books  |c 1962 
600 0 7 |a PONTIAC  |2 CL-VaPUC  |9 443067 
650 7 |a HISTORIA ESTADOUNIDENSE  |2 CL-VaPUC  |9 350346 
650 7 |a COLONIA  |2 CL-VaPUC  |9 443068 
650 7 |a CONSPIRACION  |2 CL-VaPUC  |9 432645 
651 0 |a Estados Unidos  |9 255178 
583 |a last modification  |c 20000512 00:00:00  |k Rodrigo Vera 
999 |c 287816  |d 287814 
952 |0 0  |1 0  |4 0  |6 973_270000000000000_PAR_1962  |7 0  |8 A  |9 334872  |a BIBHIS  |b BIBHIS  |d 2019-11-20  |i 1274708  |o 973.27 PAR 1962  |p 1274708  |r 2025-01-20  |w 2019-11-20  |y BK  |k HIS